Nennen Sie die Bibelbücher des Alten Testaments - Bibelquiz - Statistiken

Allgemein
  • Dieses Quiz wurde 41 mal gespielt
  • Das Durchschnittsergebnis liegt bei 22 aus 39
Antwortstatistiken
Antwort % Korrekt
Genesis
89%
Exodus
82%
Rut
74%
Psalmen
71%
1 Könige
66%
2 Könige
66%
Deuteronomium
66%
Jeremia
66%
1 Samuel
63%
2 Samuel
63%
Hiob
63%
Jesaja
63%
Levitikus
63%
Numeri
63%
1 Chronik
61%
2 Chronik
61%
Josua
61%
Richter
61%
Sprüche
61%
Daniel
58%
Ester
58%
Hohelied
58%
Amos
53%
Esra
53%
Prediger
53%
Hesekiel
50%
Klagelieder
47%
Micha
47%
Nehemia
47%
Habakuk
45%
Joel
42%
Jona
42%
Maleachi
42%
Obadja
37%
Hosea
34%
Nahum
34%
Sacharja
34%
Zefanja
32%
Haggai
29%
Keine übereinstimmenden Quizze gefunden
Verteilung der Resultate
Anzahl Personen mit jedem Resultat
Perzentil nach korrekt beantworteten Fragen
Ihre Resultats-Entwicklung
Sie haben dieses Quiz noch nicht gespielt